Central Library OPAC University of Rajshahi

U.S. Senators and their world / (Record no. 59821)

MARC details
000 -LEADER
fixed length control field 00744nam a2200229 a 4500
001 - CONTROL NUMBER
control field 59821
003 - CONTROL NUMBER IDENTIFIER
rucl marc code BD-RjUL
005 - DATE AND TIME OF LATEST TRANSACTION
control field 20211209080755.0
008 - FIXED-LENGTH DATA ELEMENTS--GENERAL INFORMATION
fixed length control field 161227r19661960ncua b 000 0 eng
035 ## - SYSTEM CONTROL NUMBER
System control number (BD-RjUL)59945
040 ## - CATALOGING SOURCE
Original cataloging agency DLC
Transcribing agency DLC
Modifying agency BD-RjUL
Language of cataloging eng
041 ## - LANGUAGE CODE
Language code of text/sound track or separate title eng
082 00 - DEWEY DECIMAL CLASSIFICATION NUMBER
Classification number 328.73
Edition number 23
Author mark and year MAU 1966
100 1# - MAIN ENTRY--PERSONAL NAME
Personal name Matthews, Donald R.
9 (RLIN) 178019
245 10 - TITLE STATEMENT
Title U.S. Senators and their world /
260 ## - PUBLICATION, DISTRIBUTION, ETC. (IMPRINT)
Place of publication, distribution, etc. Chapel Hill :
Name of publisher, distributor, etc. University of North Carolina Press,
Date of publication, distribution, etc. 1960 [Printing1966]
300 ## - PHYSICAL DESCRIPTION
Pagination xvi, 303 p.
Illustrations diagrs., tables.
Size 24 cm.
504 ## - BIBLIOGRAPHY, ETC. NOTE
Bibliography, etc "Sources of biographical information": p. [267]-268. Bibliographical footnotes.
610 10 - SUBJECT ADDED ENTRY--CORPORATE NAME
Corporate name or jurisdiction name as entry element United States.
Subordinate unit Congress.
-- Senate.
942 ## - ADDED ENTRY ELEMENTS (KOHA)
Source of classification or shelving scheme Dewey Decimal Classification
Koha item type Books
Holdings
Lost status Source of classification or shelving scheme Damaged status Not for loan Collection code Permanent Location Current Location Shelving location Date acquired Source of acquisition Cost, normal purchase price Total Checkouts Full call number Date last seen Copy number Koha item type
  Dewey Decimal Classification   Not For Loan Non-fiction Central Library, University of Rajshahi Central Library, University of Rajshahi Reading Room 06/06/1969 Zeitlinger 57.00   328.73 MAU 1966 27/12/2016 C-1 Books